Vista normal Vista MARC

Entrada Materia (personas)

Número de registros utilizados en: 1

001 - CONTROL NUMBER

  • control field: 62075

003 - CONTROL NUMBER IDENTIFIER

  • control field: Co-BoUCM

005 - DATE AND TIME OF LATEST TRANSACTION

  • control field: 20140603083658.0

008 - FIXED-LENGTH DATA ELEMENTS

  • fixed length control field: 140603|| aca||aabn | a|a d

040 ## - CATALOGING SOURCE

  • Original cataloging agency: Co-BoUCM
  • Transcribing agency: Co-BoUCM

100 ## - HEADING--PERSONAL NAME

  • Personal name: Chevallier, Fabienne

670 ## - SOURCE DATA FOUND

  • Source citation: Work cat.: (Co-BoUCM)242420: Chevallier, Fabienne, Le Paris moderne , 2010